[Event "Montilla Moriles"]
[Site "Montilla"]
[Date "1974.08.24"]
[Round "4"]
[White "Diez del Corral, Jesus Maria"]
[Black "Ribli, Zoltan"]
[Result "1-0"]
[WhiteElo "2515"]
[BlackElo "2525"]
[Annotator "Diez del Corral"]
[PlyCount "53"]
[EventDate "1974.08.??"]

1. d4 Nf6 2. c4 g6 3. Nc3 d5 4. Nf3 Bg7 5. Qb3 dxc4 6. Qxc4 O-O 7. e4 a6 ({
Lo más conocido es ahora, bien} 7... Nfd7 {jugada de Smyslov.}) ({O bien} 7...
Na6 {, jugada de Prins. La del texto es un antiguo movimiento resucitado
recientemente con éxito por los jugadores húngaros.}) 8. Qb3 b5 9. Be2 Bb7 10.
e5 Ne4 11. O-O Nxc3 12. bxc3 ({Mejor que la alternativa} 12. Qxc3 {, pues la ca
ptura con el peón fortifica el centro y habilita la salida del Alfil del
flanco Dama por a6.}) 12... c5 13. Ba3 Bd5 $6 {Diagrama #} ({
Esta jugada compromete la partida, que se hubiera mantenido igualada tras} 
13... c4 {o 13.. .Cd7.}) ({Nótese que no era posible} 13... cxd4 14. cxd4 Bd5
$2 {, debido a} 15. Bxe7 $1 {, ganando un peón.}) 14. c4 $1 {[La apertura de
líneas está ahora justificada por el dominio que se obtiene de las columnas
centrales. Además, el caballo negro encontrará dificultades para su desarrollo.
]} bxc4 15. Bxc4 Bxc4 (15... Bxf3 16. Qxf3 Nd7 17. e6 $1 fxe6 18. Bxe6+ Kh8 19.
Qh3 $1 {, con ventaja.}) 16. Qxc4 cxd4 17. Rad1 Nd7 $2 ({Mejor hubiera sido} 
17... Qc8 $142 $1 {, con buenas posibilidades de alcanzar las tablas.}) 18.
Rxd4 Rc8 (18... Nxe5 $2 19. Nxe5 Qa5 20. Bxe7 $2 (20. Nxf7 $1 Rxf7 (20... Bxd4
21. Ng5+ e6 22. Qxe6+ Kh8 (22... Kg7 23. Bxf8+ Rxf8 24. Qe7+ {, etc.}) 23. Qe7
$1 Bg7 24. Bb2 $1 Rg8 25. Nf7#) 21. Rf4 Raf8 22. Bxe7 Qe5 23. Rxf7 Rxf7 24.
Qc8+ Bf8 25. Bxf8 Rxf8 26. Qxa6 {, con un final ganado.}) 20... Qxe5 21. Re4
Rfc8 $1 {que conduce a tablas. Pero en el último momento vio que su proyecto
fallaba por el bonito golpe táctico 20.Cxf7!, que amenaza mate en tres.}) 19.
Qd3 Nxe5 $2 ({Las negras visiblemente desconcertadas por su fracasado plan,
cometen este último error que equivale al abandono. Podían haber ofrecido
resistencia con} 19... Qa5 $1 {, que amenaza ...Tc3. En todo caso después de}
20. Bxe7 Nc5 (20... Nxe5 21. Nxe5 Bxe5 ({O} 21... Qxe5 22. Re4 {
, pierde la calidad.}) 22. Rd5) 21. Qe2 Rfe8 22. Bd6 {
, las blancas conservan un peón de ventaja y buenas posibilidades de victoria.}
) 20. Nxe5 Qb6 21. Rd5 Qe6 22. Re1 Rfe8 23. Bb4 Qb6 24. a3 a5 25. Bxa5 Qb2 26.
Rb5 Qa2 27. h3 {[Tiempo blancas: 1 hora 11 minutos - Tiempo negras: 0 horas 37
minutos] [Comentarios: GM Jesús Díez del Corral (AJEDREZ CANARIO_39). ||
Fuente: Díez del Corral, Jesús. Artículo "El Torneo de Montilla: Inesperado
Triunfo de Radulov". Reseña y selección de partidas. Revista AJEDREZ CANARIO.
(01-10-1974, año IV, número 39, páginas 400-404). Editada por la Caja Insular
de Ahorros de Gran Canaria. Las Palmas de Gran Canaria, España. ]} 1-0

[Event "Montilla Moriles"]
[Site "Montilla"]
[Date "1974.08.24"]
[Round "4"]
[White "Gheorghiu, Florin"]
[Black "Quinteros, Miguel Angel"]
[Result "1/2-1/2"]
[WhiteElo "2540"]
[BlackElo "2495"]
[PlyCount "32"]
[EventDate "1974.08.??"]

1. c4 c5 2. Nf3 Nf6 3. Nc3 d5 4. cxd5 Nxd5 5. g3 Nc6 6. Bg2 Nc7 7. d3 e5 8. O-O
Be7 9. Be3 Be6 10. Rc1 O-O 11. a3 Bd7 12. Nd2 Ne6 13. Nd5 Rc8 14. b4 cxb4 15.
axb4 Ned4 16. b5 Be6 {[Tiempo blancas: 1 hora 40 minutos - Tiempo negras: 2
horas 5 minutos] [Fuente: Boletín oficial del IV TORNEO DEL VINO
MONTILLA-MORILES. (1974, partida número 20, pàgina 16). José María González
(Editor). San Sebastián, España. ]} 1/2-1/2

[Event "Montilla Moriles"]
[Site "Montilla"]
[Date "1974.08.24"]
[Round "4"]
[White "Keene, Raymond"]
[Black "Parma, Bruno"]
[Result "1/2-1/2"]
[WhiteElo "2505"]
[BlackElo "2510"]
[PlyCount "30"]
[EventDate "1974.08.??"]

1. g3 c5 2. c4 Nc6 3. Bg2 Nf6 4. Nf3 g6 5. b3 Bg7 6. Bb2 O-O 7. O-O d6 8. d4
Ne4 9. e3 Bg4 10. Qc2 Bxf3 11. Bxf3 Ng5 12. Bxc6 bxc6 13. dxc5 Bxb2 14. Qxb2
dxc5 15. Nc3 Qd3 {[Tiempo blancas: 1 hora 10 minutos - Tiempo negras: 1 hora
12 minutos] [Fuente: Boletín oficial del IV TORNEO DEL VINO MONTILLA-MORILES.
(1974, partida nùmero 18, página 16). José María González (Editor). San
Sebastián, España. ]} 1/2-1/2

[Event "Montilla Moriles"]
[Site "Montilla"]
[Date "1974.08.24"]
[Round "4"]
[White "Pfleger, Helmut"]
[Black "Andersson, Ulf"]
[Result "1/2-1/2"]
[WhiteElo "2535"]
[BlackElo "2580"]
[PlyCount "37"]
[EventDate "1974.08.??"]

1. d4 Nf6 2. c4 e6 3. Nf3 b6 4. g3 Bb4+ 5. Bd2 Bxd2+ 6. Nbxd2 Bb7 7. Bg2 c5 8.
O-O O-O 9. Re1 cxd4 10. Nxd4 Bxg2 11. Kxg2 Nc6 12. N2f3 Nxd4 13. Qxd4 d5 14.
Red1 Qe7 15. cxd5 Nxd5 16. Rac1 Rac8 17. h3 h6 18. Kg1 Qb7 19. a3 {[Tiempo blan
cas: 1 hora 15 minutos - Tiempo negras: 1 hora 20 minutos] [Fuente: Boletín
oficial del IV TORNEO DEL VINO MONTILLA-MORILES. (1974, partida número 19,
página 16). José María González (Editor). San Sebastián, España. ]} 1/2-1/2

[Event "Montilla Moriles"]
[Site "Montilla"]
[Date "1974.??.??"]
[Round "4"]
[White "Kavalek, Lubomir"]
[Black "Radulov, Ivan"]
[Result "1/2-1/2"]
[WhiteElo "2625"]
[BlackElo "2490"]
[PlyCount "62"]
[EventDate "1974.08.??"]

1. Nf3 d5 2. g3 c5 3. Bg2 Nc6 4. d4 e6 5. O-O Nf6 6. c4 dxc4 7. Qa4 cxd4 8.
Nxd4 Qxd4 9. Bxc6+ Bd7 10. Rd1 Bxc6 11. Qxc6+ bxc6 12. Rxd4 c5 13. Rxc4 Bd6 14.
Nd2 Ke7 15. b3 Rhd8 16. Nf3 Nd5 17. e4 Nb6 18. Rc2 Ke8 19. Be3 Nd7 20. Rd1 Be7
21. Bf4 Nf6 22. Re1 a5 23. Rc4 Nd7 24. Ne5 Nxe5 25. Bxe5 Rd2 26. a4 f6 27. Bf4
Rd3 28. Rb1 e5 29. Be3 Rb8 30. Bxc5 Rdxb3 31. Rxb3 Rxb3 {[Tiempo blancas: 1
hora 45 minutos - Tiempo negras: 1 hora 30 minutos] [Fuente: Boletín oficial
del IV TORNEO DEL VINO MONTILLA-MORILES. (1974, partida número 16, página 15).
José María González (Editor). San Sebastián, España. ]} 1/2-1/2

[Event "Montilla Moriles"]
[Site "Montilla"]
[Date "1974.08.25"]
[Round "5"]
[White "Andersson, Ulf"]
[Black "Gheorghiu, Florin"]
[Result "1/2-1/2"]
[WhiteElo "2580"]
[BlackElo "2540"]
[PlyCount "70"]
[EventDate "1974.08.??"]

{(ChPl 7/590) .-} 1. c4 c5 2. Nf3 g6 3. d4 Bg7 4. e4 Qa5+ 5. Bd2 Qb6 6. Bc3
cxd4 7. Bxd4 Bxd4 8. Qxd4 Qxd4 9. Nxd4 Nc6 10. Nc2 Nf6 11. Nc3 O-O 12. Be2 d6
13. O-O Be6 14. Rac1 Rfc8 15. f3 Kg7 16. Rfd1 Nd7 17. Ne3 Nc5 18. Ned5 Kf8 19.
Rd2 Rab8 20. Kf2 b6 21. b3 a5 22. Nb5 Rb7 23. Rc3 Bd7 24. Ke1 Nb4 25. Ne3 Ne6
26. Nd1 Na6 27. a3 Nac7 28. Nd4 Nxd4 29. Rxd4 Ne6 30. Rd2 Rcb8 31. Ne3 b5 32.
cxb5 Bxb5 33. Bd1 Rc7 34. Rxc7 Nxc7 35. Rc2 Ne6 {[Tiempo blancas: 2 horas 28
minutos - Tiempo negras: 2 horas 20 minutos] [Fuente: Partida gentilmente
cedida por Reinhard Nolde. (Alemania - GER, 17-01-2017). La referencia
hemerográfica es Serie CHESS PLAYER. (Año IV, 1974, volumen 7, partida 590).
Encuentro U. Andersson vs. F. Gheorghiu del Torneo Internacional
Montilla-Moriles 1974. Publicación editada por Chess Player Ltd. Nottingham,
Inglaterra.]} 1/2-1/2

[Event "Montilla Moriles"]
[Site "Montilla"]
[Date "1974.08.25"]
[Round "5"]
[White "Quinteros, Miguel Angel"]
[Black "Kavalek, Lubomir"]
[Result "1/2-1/2"]
[WhiteElo "2495"]
[BlackElo "2625"]
[PlyCount "67"]
[EventDate "1974.08.??"]

1. d4 Nf6 2. c4 g6 3. Nc3 Bg7 4. e4 d6 5. Be2 O-O 6. Nf3 e5 7. O-O Nc6 8. d5
Ne7 9. Ne1 Nd7 10. Be3 f5 11. f3 f4 12. Bf2 g5 13. b4 Ng6 14. c5 Nf6 15. Rc1
Rf7 16. cxd6 cxd6 17. a4 b6 18. a5 bxa5 19. bxa5 h5 20. Nb5 g4 21. Rc6 g3 22.
hxg3 fxg3 23. Bxg3 Bf8 24. Qc1 h4 25. Bh2 Nh5 26. Nd3 Ng3 27. Rf2 Kh7 28. Qc3
Rb8 29. Bd1 a6 30. Rc2 axb5 31. Rxc8 Rxc8 32. Qxc8 Qxa5 33. Bxg3 hxg3 34. Qh3+
{[Tiempo blancas: 1 hora 40 minutos - Tiempo negras: 2 horas 22 minutos]
[Fuente: Megabase CHESSBASE. (2014, código base EXT2001). Selección de
partidas del "Moriles" 1974. Base de datos y software de la empresa Chessbase
Matrimony. Hamburgo, Alemania. ]} 1/2-1/2

[Event "Montilla Moriles"]
[Site "Montilla"]
[Date "1974.08.25"]
[Round "5"]
[White "Radulov, Ivan"]
[Black "Diez del Corral, Jesus Maria"]
[Result "1-0"]
[WhiteElo "2490"]
[BlackElo "2515"]
[Annotator "Radulov"]
[PlyCount "65"]
[EventDate "1974.08.??"]

{[Inf 18/396]} 1. e4 c5 2. Nf3 Nc6 3. d4 cxd4 4. Nxd4 Nf6 5. Nc3 d6 6. Bg5 e6
7. Qd2 Be7 8. O-O-O O-O 9. f4 e5 $6 (9... Nxd4 10. Qxd4 Qa5 11. Bc4 Bd7 12. e5
dxe5 13. fxe5 Bc6 $14) (9... d5 10. e5 Nd7 11. Bxe7 Qxe7 $14) 10. Nf5 Bxf5 11.
exf5 Rc8 12. Kb1 Re8 (12... Qa5) 13. Be2 e4 $6 14. Rhe1 {[Con idea de Ac4 ]}
Qb6 (14... d5 $1 15. Nxd5 (15. Bxf6 Bxf6 16. Nxd5 Bd4 17. Bc4 b5 18. Bb3 a5 19.
c3 a4 $44) 15... Nxd5 16. Qxd5 Bxg5 17. fxg5 Qxg5 18. Bc4 Ne5 19. Bb3 e3 20.
Qxb7 $16) 15. Bc4 {[Con idea de Cd5 ]} Qc5 $2 (15... Na5 16. Bb3 Nc4 17. Qd4
$14 {_|_}) 16. Bxf6 $1 e3 (16... Bxf6 17. Nxe4 Qxc4 18. Nxd6 $18) 17. Rxe3 Bxf6
18. Ne4 Qd4 19. Qxd4 Bxd4 20. Ree1 Bc5 (20... Rcd8 21. Nxd6 $18) 21. c3 {
[Con idea de b4 ]} a5 22. Nxc5 Rxe1 23. Rxe1 dxc5 24. Rd1 Rd8 25. Rxd8+ Nxd8
26. Kc2 $18 Kf8 27. Kb3 b6 28. Bd5 Ke7 29. Ka4 Kd6 30. Be4 Kc7 31. Kb5 f6 32.
Bd5 Kd6 33. c4 {[Tiempo blancas: 1 hora 25 minutos - Tiempo negras: 1 hora 29
minutos] [Comentarios: GM Ivan Radulov. (Inf18/396). || Fuente: CHESS
INFORMANT. (1975, tomo 18, partida número 396). Selección de partidas del
"Montilla 1974". Editorial Sahovski Informator. Belgrado, Yugoslavia. ]} 1-0

[Event "Montilla Moriles"]
[Site "Montilla"]
[Date "1974.08.25"]
[Round "5"]
[White "Ribli, Zoltan"]
[Black "Keene, Raymond"]
[Result "1/2-1/2"]
[WhiteElo "2525"]
[BlackElo "2490"]
[PlyCount "60"]
[EventDate "1974.08.??"]

{(ChPl 7/588).-} 1. c4 Nf6 2. Nc3 e6 3. Nf3 Bb4 4. g3 O-O 5. Bg2 d5 6. Qb3 c5
7. a3 Ba5 8. O-O Nc6 9. d3 h6 10. Rd1 Bc7 11. Nd2 Nd4 12. Qa2 Ba5 13. Nb3 Bxc3
14. bxc3 Nxb3 15. Qxb3 b6 16. cxd5 exd5 17. c4 Bg4 18. cxd5 Bxe2 19. Re1 Bg4
20. Bb2 Re8 21. h3 Bf5 22. f4 Rc8 23. g4 Bd7 24. Qc3 b5 25. g5 hxg5 26. fxg5
Nh5 27. Rxe8+ Bxe8 28. Re1 Qxg5 29. Re5 f5 30. Bc1 Nf4 {[Tiempo blancas: 1
hora 36 minutos - Tiempo negras: 2 horas 47 minutos] [Fuente: Partida
gentilmente cedida por Reinhard Nolde. (Alemania - GER, 17-01-2017). La
referencia hemerográfica es Serie CHESS PLAYER. (Año IV, 1974, volumen 7,
partida 588). Encuentro Z. Ribli vs. R. Keene del Torneo Internacional
Montilla-Moriles 1974. Publicación editada por Chess Player Ltd. Nottingham,
Inglaterra.]} 1/2-1/2

[Event "Montilla Moriles"]
[Site "Montilla"]
[Date "1974.??.??"]
[Round "5"]
[White "Parma, Bruno"]
[Black "Pfleger, Helmut"]
[Result "1/2-1/2"]
[WhiteElo "2510"]
[BlackElo "2535"]
[PlyCount "42"]
[EventDate "1974.08.??"]

1. e4 e6 2. d4 d5 3. Nd2 dxe4 4. Nxe4 Nd7 5. Nf3 Ngf6 6. Nxf6+ Nxf6 7. Bg5 Be7
8. Bc4 c5 9. O-O cxd4 10. Qe2 a6 11. Rad1 b5 12. Bb3 O-O 13. Nxd4 Qc7 14. Rfe1
Re8 15. c3 Bb7 16. Nxe6 Qc6 17. Qf1 b4 18. Nd4 Qc5 19. Bh4 bxc3 20. bxc3 Ne4
21. Bxe7 Rxe7 {[Tiempo blancas: 1 hora 40 minutos - Tiempo negras: 1 hora 55
minutos] [Fuente: Boletín oficial del IV TORNEO DEL VINO MONTILLA MORILES.
(1974, partida número 25, página 19). José María González. San Sebastián,
España. ]} 1/2-1/2

[Event "Montilla Moriles"]
[Site "Montilla"]
[Date "1974.08.26"]
[Round "6"]
[White "Gheorghiu, Florin"]
[Black "Parma, Bruno"]
[Result "1/2-1/2"]
[WhiteElo "2540"]
[BlackElo "2510"]
[PlyCount "34"]
[EventDate "1974.08.??"]

1. e4 d6 2. d4 Nf6 3. Nc3 g6 4. Nf3 Bg7 5. Be2 O-O 6. O-O Bg4 7. Be3 Nc6 8. h3
Bxf3 9. Bxf3 Nd7 10. Qd2 e5 11. Ne2 exd4 12. Nxd4 Re8 13. Rfe1 Nxd4 14. Bxd4
Bxd4 15. Qxd4 Qf6 16. c3 Ne5 17. Bd1 Kg7 $11 {[Tiempo blancas: 1 hora 05
minutos - Tiempo negras: 1 hora 22 minutos] [Fuente: Boletín oficial del IV
TORNEO DEL VINO MONTILLA-MORILES. (1974, partida número 29, página 22). José
María González (Editor). San Sebastián, España. ]} 1/2-1/2

[Event "Montilla Moriles"]
[Site "Montilla"]
[Date "1974.08.26"]
[Round "6"]
[White "Keene, Raymond"]
[Black "Radulov, Ivan"]
[Result "1/2-1/2"]
[WhiteElo "2505"]
[BlackElo "2490"]
[PlyCount "55"]
[EventDate "1974.08.??"]

1. Nf3 Nf6 2. c4 e6 3. b3 Be7 4. Bb2 O-O 5. g3 b6 6. Bg2 Bb7 7. O-O c5 8. Nc3
d6 9. e3 Ne4 10. Qc2 Nxc3 11. Bxc3 Nc6 12. Qb2 Bf6 13. Bxf6 Qxf6 14. Qxf6 gxf6
15. Rfd1 Rfd8 16. d4 Kf8 17. Ne1 Rab8 18. Nc2 Nb4 19. Nxb4 cxb4 20. d5 e5 21.
Be4 h6 22. a3 bxa3 23. Rxa3 a5 24. Rb1 Ba6 25. Bf5 Ra8 26. Rba1 Ra7 27. Kg2 Rc7
28. Kf3 $14 {[Tiempo blancas: 2 horas 15 minutos - Tiempo negras: 0 horas 45
minutos] [Fuente: Boletín oficial del IV TORNEO DEL VINO MONTILLA-MORILES.
(1974, partida número 27, página 21). José María González (Editor). San
Sebastián, España. ]} 1/2-1/2

[Event "Montilla Moriles"]
[Site "Montilla"]
[Date "1974.08.26"]
[Round "6"]
[White "Pfleger, Helmut"]
[Black "Ribli, Zoltan"]
[Result "1-0"]
[WhiteElo "2535"]
[BlackElo "2525"]
[Annotator "Maric"]
[PlyCount "65"]
[EventDate "1974.08.??"]

{[Inf 18/632]} 1. d4 Nf6 2. g3 c5 3. d5 d6 4. Bg2 g6 5. c4 Bg7 6. Nc3 O-O 7.
Nf3 Na6 8. O-O Nc7 9. e4 b5 $6 10. cxb5 Rb8 11. a4 a6 12. e5 $1 Nd7 $6 ({
Era mejor} 12... Ng4 $142) 13. exd6 exd6 14. Bf4 Nf6 15. Qb3 $16 {[/\ b6, a5+-]
} axb5 16. axb5 Ba6 17. b6 $1 Bxf1 18. Bxf1 Na8 19. b7 Nc7 20. Ra7 $44 Re8 21.
Nd2 Bf8 ({Era mejor} 21... Nh5 $142 22. Be3 f5 23. Nc4 f4 $16) 22. Qc4 Nd7 $6
23. Qa4 Nf6 24. Qc6 h6 25. Nc4 Ne4 26. Nxe4 Rxe4 27. Bxd6 $18 Bxd6 28. Nxd6 Rb4
29. Bc4 Qe7 (29... Rxb2 $2 30. Nxf7 $1 Kxf7 31. Qxc7+ $3 {, con idea de d6+-})
30. b3 Ne8 31. Nxe8 Qe1+ 32. Bf1 Qxe8 33. Ra8 $1 {[Tiempo blancas: 2 horas 20
minutos - Tiempo negras: 1 hora 35 minutos] [Comentarios: IM Rudolph Maric.
(Inf18/632). || Fuente: CHESS INFORMANT. (1975, tomo 18, partida número 632).
Selección de partidas del "Montilla 1974". Editorial Sahovski Informator.
Belgrado, Yugoslavia. ]} 1-0

[Event "Montilla Moriles"]
[Site "Montilla"]
[Date "1974.08.26"]
[Round "6"]
[White "Quinteros, Miguel Angel"]
[Black "Andersson, Ulf"]
[Result "1/2-1/2"]
[WhiteElo "2495"]
[BlackElo "2580"]
[PlyCount "97"]
[EventDate "1974.08.??"]

1. e4 c5 2. Nf3 e6 3. g3 b6 4. Bg2 Bb7 5. d3 Be7 6. O-O Nf6 7. Nbd2 O-O 8. Ne1
d5 9. e5 Ne8 10. Nef3 Nc6 11. Re1 Qd7 12. Nf1 f6 13. Bf4 fxe5 14. Nxe5 Nxe5 15.
Bxe5 Nd6 16. Qg4 Nf5 17. Ne3 Bd6 18. Nxf5 Rxf5 19. Bxd6 Qxd6 20. f4 Raf8 21.
Qe2 Bc8 22. Bh3 R5f6 23. Qd2 h6 24. Re2 Bd7 25. Rae1 g6 26. Re5 Kg7 27. Qe2 Re8
28. Bg4 Re7 29. f5 gxf5 30. Bxf5 Kf8 31. Bh3 Kg7 32. Bg4 Re8 33. Qg2 Kh8 34.
Qh3 Kh7 35. c3 Re7 36. Qh4 Ref7 37. Qh3 Re7 38. a3 a5 39. d4 cxd4 40. cxd4 Re8
41. Be2 Qf8 42. Bd3+ Kh8 43. Rh5 Re7 44. Rf1 Kg8 45. Qg2 Be8 46. Re5 Rxf1+ 47.
Qxf1 Qg7 48. Qe2 Bg6 49. Bxg6 $14 {[Tiempo blancas: 3 horas 15 minutos -
Tiempo negras: 3 horas] [Fuente: Boletín oficial del IV TORNEO DEL VINO
MONTILLA-MORILES. (1974, partida número 30, página 22). José María González
(Editor). San Sebastián, España. ]} 1/2-1/2

[Event "Montilla Moriles"]
[Site "Montilla"]
[Date "1974.??.??"]
[Round "6"]
[White "Kavalek, Lubomir"]
[Black "Diez del Corral, Jesus Maria"]
[Result "1/2-1/2"]
[WhiteElo "2625"]
[BlackElo "2515"]
[PlyCount "32"]
[EventDate "1974.08.??"]

1. Nf3 Nf6 2. c4 c5 3. g3 g6 4. Bg2 Bg7 5. O-O O-O 6. d4 Na6 7. Nc3 d6 8. b3
Bd7 9. Be3 cxd4 10. Nxd4 Nc5 11. Qd2 a5 12. Rab1 Qb6 13. Bh1 Bc6 14. Nd5 Nxd5
15. cxd5 Bd7 16. h4 h5 {[Tiempo blancas: 1 hora 37 minutos - Tiempo negras: 1
hora 7 minutos] [Fuente: Boletín oficial del IV TORNEO DEL VINO
MONTILLA-MORILES. (1974, partida número 26, página 21). José María González
(Editor). San Sebastián, España. ]} 1/2-1/2

[Event "Montilla Moriles"]
[Site "Montilla"]
[Date "1974.08.28"]
[Round "7"]
[White "Diez del Corral, Jesus Maria"]
[Black "Keene, Raymond"]
[Result "1/2-1/2"]
[WhiteElo "2515"]
[BlackElo "2505"]
[Annotator "Schmidt"]
[PlyCount "93"]
[EventDate "1974.08.??"]

{[Inf 19/209]} 1. e4 e6 2. d4 d5 3. Nc3 Bb4 4. e5 c5 5. a3 Bxc3+ 6. bxc3 Qc7 7.
Qg4 f6 $5 8. Nf3 Nc6 $5 (8... c4) 9. Bb5 Qf7 10. O-O Nge7 11. a4 (11. dxc5 $5)
11... Bd7 12. Ba3 f5 13. Qf4 (13. Qh4 $1) 13... c4 $11 14. Bd6 h6 15. Rab1 a6
16. Bxc6 Bxc6 17. Qc1 Nc8 18. Qa3 Qd7 19. a5 Na7 20. Nh4 Qf7 21. Rb6 $6 g5 22.
Nf3 Nb5 23. Qc5 Qd7 24. Qb4 f4 25. Qb2 O-O-O (25... Kf7 $1 {/\ Rag8}) 26. Qb4
g4 27. Nh4 Rhg8 28. Be7 Rde8 29. Bf6 Kb8 30. g3 f3 31. Rb1 Ka8 32. Re1 Qh7 33.
Qb2 Na7 34. h3 h5 35. Rb1 $2 (35. Rb4) 35... Bb5 36. Qc1 Nc8 37. R6xb5 axb5 38.
Rxb5 Qd7 39. Qb2 Na7 40. Rb6 Nc8 $2 $138 (40... Qa4 $1 41. Rxb7 Rb8 $1 $19) 41.
Qb4 $5 Nxb6 42. axb6 Kb8 43. Qa5 Qc6 44. Kh1 $1 $11 Kc8 45. Kh2 $1 Kd7 46. Qb4
Kc8 47. Qa5 {[Tiempo blancas: 2 horas 30 minutos - Tiempo negras: 2 horas 50
minutos] [Comentarios: IM Wlodzimierz Schmidt. (Inf19/209). || Fuente: CHESS
INFORMANT. (1975, tomo 19, partida número 209). Selección de partidas del
"Montilla 1974". Editorial Sahovski Informator. Belgrado, Yugoslavia. ]}
1/2-1/2

[Event "Montilla Moriles"]
[Site "Montilla"]
[Date "1974.08.28"]
[Round "7"]
[White "Parma, Bruno"]
[Black "Quinteros, Miguel Angel"]
[Result "1/2-1/2"]
[WhiteElo "2510"]
[BlackElo "2495"]
[PlyCount "38"]
[EventDate "1974.08.??"]

1. e4 e5 2. Nf3 Nc6 3. Bb5 a6 4. Ba4 Nf6 5. O-O b5 6. Bb3 Be7 7. Re1 O-O 8. c3
d6 9. h3 Nb8 10. d4 Nbd7 11. Nbd2 Bb7 12. Bc2 c5 13. Nf1 Re8 14. Ng3 g6 15. Bh6
Bf8 16. Bxf8 Nxf8 17. Qd2 Qe7 18. Rad1 Rad8 19. dxe5 dxe5 {[Tiempo blancas: 0
horas 45 minutos - Tiempo negras: 0 horas 55 minutos] [Fuente: Boletín oficial
del IV TORNEO DEL VINO MONTILLA-MORILES. (1974, partida número 34, página 25).
José María González (Editor). San Sebastián, España. ]} 1/2-1/2

[Event "Montilla Moriles"]
[Site "Montilla"]
[Date "1974.08.28"]
[Round "7"]
[White "Radulov, Ivan"]
[Black "Pfleger, Helmut"]
[Result "1/2-1/2"]
[WhiteElo "2490"]
[BlackElo "2535"]
[PlyCount "23"]
[EventDate "1974.08.??"]

1. e4 e5 2. Nf3 Nc6 3. d4 exd4 4. Nxd4 Bc5 5. Nb3 Bb4+ 6. Bd2 a5 7. a3 Be7 8.
Nc3 a4 9. Nc1 Nf6 10. Bb5 O-O 11. O-O d5 12. exd5 {[Tiempo blancas: 0 horas 35
minutos - Tiempo negras: 0 horas 45 minutos] [Fuente: Boletín oficial del IV
TORNEO DEL VINO MONTILLA-MORILES. (1974, partida número 32, página 24). José
María González (Editor). San Sebastián, España. ]} 1/2-1/2

[Event "Montilla Moriles"]
[Site "Montilla"]
[Date "1974.08.28"]
[Round "7"]
[White "Ribli, Zoltan"]
[Black "Gheorghiu, Florin"]
[Result "1/2-1/2"]
[WhiteElo "2525"]
[BlackElo "2540"]
[PlyCount "28"]
[EventDate "1974.08.??"]

1. e4 c5 2. Nf3 e6 3. Nc3 a6 4. g3 Nc6 5. Bg2 d5 6. O-O Bd7 7. d3 Be7 8. Ne1
Nf6 9. f4 Qc7 10. a3 Nd4 11. Ne2 Nxe2+ 12. Qxe2 Bc6 13. f5 exf5 14. Rxf5 Nd7 {
[Tiempo blancas: 0 horas 25 minutos - Tiempo negras: 0 horas 57 minutos]
[Fuente: Boletín oficial del IV TORNEO DEL VINO MONTILLA-MORILES. (1974,
partida número 33, página 24), José María Gonzàlez. San Sebastián, España.]}
1/2-1/2